000 00951nam0a22002411i 4500
001 rc\990494
005 20240726092303.0
035 _a(NLR Aleph) 006157751
090 _a5830106
_c5830106
100 _a20041129d1981 u |0rusy50 ca
101 0 _arus
102 _aRU
105 _ay |||||||||
200 1 _aТравматизм челюстно-лицевой области у шахтеров
_e(На прим. Львов.-Волын. угольного бассейна)
_eАвтореф. дис. на соиск. учен. степ. канд. мед. наук
_e(14.00.21)
210 _aКиев
_d1981
215 _a17 с.
300 _aВ надзаг.: Киев. мед. ин-т им. А.А. Богомольца
320 _aБиблиогр.: с. 17 (8 назв.)
700 1 _aДерябин
_bЕ.И.
_gЕвгений Иосифович
801 0 _aRU
_bNLR
_gpsbo
801 1 _aRU
_bELAR
_2rusmarc
852 _aNLR
_j82-4/24558
942 _cBOOK